000 00444nam a2200181Ia 4500
001 10270
005 20260306161819.0
008 260306t1994||||xx |||||||||||||| ||spa||
041 _aESP
082 _a912.85
_bA88
100 _aAuge S.A.
_eAUT
245 0 _aEl Perú y sus recursos:
_batlas geográfico y económico
260 _c1994
300 _a235 páginas :
_c27 cm.
650 _aGEN
654 _aCHU
942 _cLIB
_dJUS
_fJUS
_2ddc
_n
999 _c10270
_d10270